Statistiken für Parteivorsitzende der SPD

Klicken Sie hier um das Quiz zu spielen!

Allgemein

  • Dieses Quiz wurde 284 mal gespielt
    (225 seit der letzten Aktualisierung)
  • Das Durchschnittsergebnis liegt bei 18 aus 37

Antwortstatistiken

VonBisAntwort% Korrekt
19641987Willy Brandt
94%
19992004Gerhard Schröder
87%
20182019Andrea Nahles
84%
2019heuteSaskia Esken
83%
20092017Sigmar Gabriel
81%
20172018Martin Schulz
78%
20182018Olaf Scholz
75%
20082008Frank-Walter Steinmeier
72%
19951999Oskar Lafontaine
72%
2019heuteNorbert Walter-Borjans
71%
19131919Friedrich Ebert
67%
20192019Malu Dreyer
64%
20192019Manuela Schwesig
63%
20082009Franz Müntefering
61%
20042005Franz Müntefering
61%
19931995Rudolf Scharping
60%
20062008Kurt Beck
58%
19451952Kurt Schumacher
58%
19871991Hans-Jochen Vogel
54%
19311945Hans Vogel
53%
20192019Thorsten Schäfer-Gümbel
47%
19521963Erich Ollenhauer
46%
20052006Matthias Platzeck
44%
18921913August Bebel
42%
19171919Philipp Scheidemann
41%
19911993Björn Engholm
39%
19931993Johannes Rau
39%
19191939Otto Wels
28%
19191928Hermann Müller
26%
19901990{Wolfgang Thierse} (DDR)
23%
19111916Hugo Haase
18%
19901990{Ibrahim Böhme} (DDR)
13%
19451946Otto Grotewohl
13%
19901990{Markus Meckel} (DDR)
11%
18901911Paul Singer
9%
19891990{Stephan Hilsberg} (DDR)
6%
18901892Alwin Gerisch
4%

Verteilung der Resultate

Perzentil nach korrekt beantworteten Fragen

Anzahl Personen mit jedem Resultat

Ihre Resultats-Entwicklung

Sie haben dieses Quiz seit der letzten Aktualisierung nicht gespielt